Implementación de métodos de medición sobre el proceso de limpieza y desinfección de los equipos de enfriamiento y dispensación de cerveza en barril de tipo "Fast Chiller", instalados en los puntos de venta
Guardado en:
| Hovedforfatter: | |
|---|---|
| Format: | Bog |
| Sprog: | Spanish |
| Udgivet: |
San José, Costa Rica
2014
|
| Fag: | |
| Tags: |
Tilføj Tag
Ingen Tags, Vær først til at tagge denne postø!
|
MARC
| LEADER | 00000nam a22000007a 4500 | ||
|---|---|---|---|
| 003 | 011888 | ||
| 005 | 20221231143902.0 | ||
| 008 | 150317b2014 c a|||| |||| 00| 0 spa d | ||
| 040 | |c cru CEDI | ||
| 090 | |a TFG 7054 | ||
| 100 | |9 522 |a Matus Ramírez, Adrian Francisco | ||
| 245 | |a Implementación de métodos de medición sobre el proceso de limpieza y desinfección de los equipos de enfriamiento y dispensación de cerveza en barril de tipo "Fast Chiller", instalados en los puntos de venta | ||
| 260 | |a San José, Costa Rica |c 2014 | ||
| 500 | |a Proyecto de graduación (licenciatura en ingeniería química)--Universidad de Costa Rica. Facultad de Ingeniería. Escuela de Ingeniería Química | ||
| 650 | |x DISPENSADORES DE CERVEZA - LIMPIEZA |x DISPENSADORES DE CERVEZA - DESINFECCION |x DISPENSADORES DE CERVEZA - DESINFECCION CERVEZA - ANALISIS |x DISPENSADORES DE CERVEZA - MANTENIMIENTO Y REPARACION |x CERVEZA - ANALISIS |x DESINFECCION Y DESINFECTANTES |x CONTAMINACION INDUSTRIAL - PREVENCION Y CONTROL |9 523 | ||
| 942 | |c TFG | ||
| 999 | |c 13731 |d 13731 | ||
